00431cam a22001097a 4500008003800000082001600038245010400054260005300158500003300211650002900244700004800273180718b-- xxu||||| |||| 00| 0 eng d aL906x5413 E aEpitome of CAG's reports on the government of Biharcby Principal Accountant General (Audit), Bihar aPatnabPreincipal Accountant General (Audit)c-- aLibrary has 2007/08, 2008/09 aAuditing - India - Bihar aBihar. Principal Accountant General (Audit)